| 000 | 00866nam a2200205 u 4500 | ||
|---|---|---|---|
| 001 | 000294912 | ||
| 003 | AM-YeHGA | ||
| 005 | 20250617125955.0 | ||
| 008 | 031217s1976 ||||||||||||||||||||rus d | ||
| 040 | _aAM-YeHGA | ||
| 041 | 0 | _arus | |
| 100 | 1 | _aНайденов, Виктор Сергеевич. | |
| 245 | 1 | 0 |
_aДевятая пятилетка: достижения экономики развитого социализма : _bНа материалах Украинской ССР / _cВ.С. Найденов, А.В. Шиляева, Н.Г. Гребенченко. |
| 260 |
_aКиев : _bВища шк, _c1976. |
||
| 300 | _a192 с. | ||
| 650 | 1 | 4 | _aЭкономика народного хозяйства |
| 700 | 1 | _aШиляева, Ада Васильевна | |
| 700 | 1 | _aГребенченко, Нина Григорьевна | |
| 090 | _c109501 | ||
| 999 |
_c108173 _d108173 |
||